00253cam a22000857a 4500008004000000082002100040245004600061260005000107300001000157180718b1971 xxu||||| |||| 00| 0 eng d aK619x42 Un3/1967 aSikness absence in the civil service 1967 aLondonbHer Majesty's Stationery Officec1971 a76+p.